00900cam a22002537a 4500003000500000005001700005008004100022010001000063011001000073035001000083040000900093082001500102100003600117245006900153260007400222300000900296490003600305505017400341650001500515650002400530650002600554700003000580830003600610CHAP20220329135521.0971013c19601933 r 00010 d a37896 a38868 a42988 cCHAP a634.82bM500aMillardet, Pierre Marie Alexis.14aThe discovery of Bordeaux mixtureb: three papers. A translation aLancaster, Pa., :bAmerican Phytopathological Society,c1960 (c.1933) a25 p 0aPhytopathological classicsv; 3 aContenido: Treatment of mildew and rot. Treatment of mildew with copper sulphate and lime mixture. Concening the history of the treatment jof mildew with copper sulphate14aCenicilla.14aMezcla de Bordeaux.14aPeronospora viticola.0 aSchneiderhan, Felix John.0 aPhytopathological classicsv; 3